00478nam a2200205Ia 4500008004100000020001800041050001600059100001800075245002400093245002100117260001500138260001200153260000900165300001600174300002000190300001000210300003800220440000600258500000800264170918s9999 xx 000 0 und d a9781423101482 bR586ti 2007 aRiordan, Rick 4aThe titan's curse / cby Rick Riordan. aNew York : bDisney, c2007 a312 pages : billustrations ; c19cm. ePercy Jackson and the Olympians ; a3 a630